Degradación de materiales

محفوظ في:
التفاصيل البيبلوغرافية
المؤلفون الرئيسيون: Galvele, José R. (autor), Duffó, Gustavo S (مؤلف)
التنسيق: كتاب
اللغة:الإسبانية
منشور في: Buenos Aires Jorge Balduino Ediciones 2006
الطبعة:1a. ed
سلاسل:Monografía Tecnológica, 3
الموضوعات:
الوسوم: إضافة وسم
لا توجد وسوم, كن أول من يضع وسما على هذه التسجيلة!

MARC

LEADER 00000cam a2200000 a 4500
001 UCC6710
003 CL-VaPUC
008 190103e20060000ag |||||||||||||||||spa|d
020 |a 9879020654 
082 0 4 |a 620.112  |b GAL  |2 21 
100 |a Galvele, José R.  |e autor  |9 601176 
700 0 |a Duffó, Gustavo S  |e author  |9 601177 
245 1 0 |a Degradación de materiales 
250 |a 1a. ed 
300 |a v 
942 |c BK 
945 |d 20190103 17:32:00  |a dcastane 
260 |a Buenos Aires  |b Jorge Balduino Ediciones  |c 2006 
500 |a v.1: Corrosión 
650 7 |a CORROSION  |2 CL-VaPUC  |9 271912 
650 7 |a CORROSION DE METALES  |2 CL-VaPUC  |9 453974 
650 7 |a DEGRADACION  |2 CL-VaPUC  |9 358038 
583 |a last modification  |c 20190103 17:32:00  |k Rodrigo Vera 
490 0 |a Monografía Tecnológica, 3 
999 |c 373577  |d 373575 
952 |0 0  |1 0  |3 erb  |4 0  |6 620_112000000000000_GAL_2006  |7 0  |8 A  |9 491768  |a BIBING  |b BIBING  |h v.1  |i 5526876  |o 620.112 GAL 2006  |p 5526876  |r 2025-01-20  |w 2019-11-24  |y BK  |z Catalogado en:20190103  |k EIQ